| 000 | 00752nam a2200229 u 4500 | ||
|---|---|---|---|
| 005 | 20210223131749.0 | ||
| 008 | 120618s2006 es r 000 0 spa d | ||
| 020 | _a8489804508 | ||
| 035 | _aUPN01000185197 | ||
| 049 | _aCG | ||
| 050 | 4 |
_aG850 1914 _bE3.7 |
|
| 100 | 1 | _aEdge, Christopher | |
| 245 | 1 | 0 |
_aShackleton : _bguía para jóvenes / _cChristopher Edge ; tr. Carlos Olalla Linares. |
| 260 |
_aSalamanca ; Esp. : _bLóguez, _cc2006. |
||
| 300 |
_a104 p. : _bmapas, il. |
||
| 534 |
_pTítulo original: _tShackleton : a beginner's guide |
||
| 600 | 1 | 4 |
_aSHACKLETON, ERNEST HENRY, _cSIR, _d1874-1922 _921118 |
| 651 | 4 |
_aREGIONES ANTARTICAS _917880 |
|
| 650 | 4 |
_aEXPLORADORES - _vLITERATURA JUVENIL _99926 |
|
| 905 | _aLibro | ||
| 999 |
_c157300 _d157300 |
||